000 00897nam a2200265Ia 4500
003 OSt
005 20220923210949.0
006 a|||||r|||| 00| 0
007 ta
008 220922b |||||||| |||| 00| 0 hin d
020 _a8126006722 (pb)
024 _a231,159
037 _cTextual
040 _aARTS
_cARTS
_bhin
041 _2hin
_ahin
082 _aO152,6M64:g, N2
100 _aनवल, नंद किशोर
_9156584
245 0 _aमहावीर प्रसाद द्विवेदी
246 _ahināvīr prasād dvivedī
260 _aनयी दिल्ली
_b साहित्य अकादमी
_c1992
300 _a96पृ.
_ccm.
490 _aभारतीय साहित्य के निर्माता
942 _hO152,6M64:g, N2
_cTEXL
_2CC
999 _c293215
_d293215